000 00403nam a2200169Ia 4500
008 230524s9999 xx 000 0 und d
020 _a9780061333122
082 _bWHI
100 _aFrank M.White
_942425
245 0 _aFluid Mechanics (In SI Unit)
250 _a7
260 _aNew Delhi
_bMGH
_c2014
300 _a"XI,860p;"
500 _aQuantity Number: 1
650 _aMechanics
942 _cBK
999 _c56711
_d56711